| 000 | 01314cam a2200169 4500 | ||
|---|---|---|---|
| 001 | L108222 | ||
| 008 | 000000n2006 000 0 eng u | ||
| 035 | _a(Sirsi) u108222 | ||
| 110 |
_aValuation Office Agency _93141 |
||
| 245 | _aValuation Office Agency | ||
| 260 | _c2006 | ||
| 520 | _aThe Valuation Office Agency (VOA) is an executive agency of HM Revenue and Customs (HMRC), whose main functions are: compiling and maintaining business rating and council tax valuation lists for England and Wales; valuing property in England, Wales and Scotland for the purposes of taxes administered by the Inland Revenue; providing statutory and non-statutory property valuation services in England, Wales and Scotland; and giving advice to ministers on property valuation matters. Key information accessible through the website includes the 2005 rating lists and council tax list for England and Wales, the VOA manuals and the twice-yearly "Property market report". This report covers all the major sectors of the property market and is based on valuations prepared by the VOA's local offices of typical property types or beacons. | ||
| 590 | _aIKA190505 | ||
| 690 | _aPROPERTY-PROPERTY VALUATION AND APPRAISAL | ||
| 856 | 4 | 0 |
_uhttps://www.voa.gov.uk _zView the website free of charge at www.voa.gov.uk... |
| 942 | _n0 | ||
| 999 |
_c119638 _d119638 |
||